Číslo, ktoré nás zaujalo 0,7%

Pohľad na pomer rozpočtového prebytku Grécka na HDP.

Salvato in:
Dettagli Bibliografici
Autore principale: Pobudová, Daniela, 1982-
Natura: Capitolo di libro
Lingua:slovacco
Soggetti:
Tags: Aggiungi Tag
Nessun Tag, puoi essere il primo ad aggiungerne!!

MARC

LEADER 00000nla a2200000 4500
001 0235194
005 20240502073816.7
041 0 |a slo 
044 |a SK 
245 1 0 |a Číslo, ktoré nás zaujalo 0,7%  |c Daniela Pobudová 
520 |a Pohľad na pomer rozpočtového prebytku Grécka na HDP. 
610 2 0 |a produkt domáci hrubý 
610 2 0 |a rozpočet štátny 
610 2 0 |a Grécko 
610 2 0 |a zadlženosť 
610 2 0 |a Medzinárodný menový fond 
100 1 |a Pobudová, Daniela, 1982-